000 00435nam a2200169Ia 4500
008 090201s9999 xx 000 0 und d
010 _aKPL-12070
040 _bइंग्रजी
041 _aइंग्रजी
082 _a26507
_b12070
100 _adean owen
245 _alone star roundup
_cdean owen
260 _c2004
_bace books
300 _a106
_bमोठा
600 _alone star roundup
942 _cBOOK
999 _c225564
_d225564